000 00713nam a2200241 a 4500
008 951212s1979||||[C 0 slo c
020 _c18 Kčs.
_q(8000 výtl.)
040 _aSNK
_bslo
_cSNK
_eAACR2
041 1 _aslo
_hscc
044 _axo
_cSK
080 _a886.1-3
100 1 _aKapor, Momo
_4aut
245 1 0 _aProfesionál
_cMomo Kapor ; Jarmila Samcová, Miroslav Cipár, Igor Imro
250 _a1., vyd.
260 _aBratislava
_bTatran
_c1979
_eBanská Bystrica
_fTlačiarne SNP
300 _a231 s., 11,39 AH
_c21 cm
490 0 _aLUK
_vZv. 74.
500 _aText na predsádkach.
700 1 _aSamcová, Jarmila
_4trl
700 1 _aCipár, Miroslav
_4bkd
700 1 _aImro, Igor
_4bkd
958 _aA
999 _c11989
_d11989